000 00579nam a2200217Ia 4500
003 OSt
005 20220928143521.0
006 a|||||r|||| 00| 0
007 ta
008 220927b |||||||| |||| 00| 0 eng d
024 _a22275
037 _cTextual
040 _aSDCL
_cSDCL
_beng
041 _2eng
_aeng
082 _aE9G,9862:3, M6
100 _aReid Eric Ed.
_9445890
245 0 _aBioactive analytes,including CNS drugs,peptides and enantiomers.
260 _c1986
942 _hE9G,9862:3, M6
_cTEXL
_2CC
999 _c824273
_d824273